000 00331nam a2200133Ia 4500
008 240624s9999 xx 000 0 und d
041 _aeng
082 _a332 FER
100 _aFERNANDES NUNO
245 _aFINANCE FOR EXECUTIVES A PRACTICAL GUIDE
260 _c2014
_aLondon
_bNPV Publishing
300 _a350 : p.
365 _c
_b30
999 _c28052
_d28052